Movie Posters II Quiz Stats

 Plays Quiz Updated Jun 22, 2017

Support Sporcle.
Go Orange.
Score 0/24 Timer 06:00
63 Plays Today
% Correct
Titanic
95.7%
Jurassic Park
94.9%
Up
94%
Forrest Gump
93.8%
The Blues Brothers
81.2%
Rocky
79.5%
Pulp Fiction
78%
Gladiator
75.7%
Hancock
74.7%
Alien
69.2%
Caddyshack
62.1%
Goodfellas
59.6%
% Correct
Clockwork Orange
54.6%
Sin City
54.5%
Full Metal Jacket
53.4%
The Fugitive
51%
The Last of the Mohicans
44.7%
Scream
44.1%
Public Enemies
38.2%
Tombstone
29.8%
Swingers
28.8%
The Outlaw Josey Wales
11.5%
The Howling
8.1%
The Crying Game
7.2%

From the Vault

Rushmore Presidents Consonants

by Flick

History 30s
Even though they don't sing, Mount Rushmore is our favorite rock group.
Remove Ads.
Support Sporcle.
Get the best of Sporcle when you Go Orange. This ad-free experience offers more features, more stats, and more fun while also helping to support Sporcle. Thank you for becoming a member.

Show Comments

Extras

Top Quizzes Today


Score Distribution

Your Account Isn't Verified!

In order to create a playlist on Sporcle, you need to verify the email address you used during registration. Go to your Sporcle Settings to finish the process.

Report this User

Report this user for behavior that violates our Community Guidelines.

Details: